Statistics for Counties in equator

Click here to take the quiz!

General Stats

  • This quiz has been taken 17 times
  • The average score is 7 of 11

Answer Stats

Country% Correct
Brazil
100%
Colombia
87%
Ecuador
87%
Kenya
80%
Congo
73%
Gabon
53%
Indonesia
53%
Uganda
53%
DRC
40%
Sao Tome
40%
Somalia
33%

Score Distribution

Percentile by Number Answered

Percent of People with Each Score

Your Score History

You have not taken this quiz